000 00488nam a2200145 4500
999 _c14646
_d14646
008 191021b ||||| |||| 00| 0 eng d
022 _a03080587
082 _aDPer 420.5 M72 Apr-Oct 2011 v. 20, n. 2-4
100 _940478
_aStannard, Russell.
245 _aA virtual class revolution/
_cRussell Stannard.
260 _aChichester, West Sussex:
_bPavilion Publishing,
_c©2011.
300 _av20 n3, pages 35-36:
_c30 cm.
650 _aVirtual reality
_xTeaching.
_940641
942 _2ddc
_cPER